000 00214nam a2200097Ia 4500
008 240331s9999 xx 000 0 und d
082 _bHAR
100 _aHarris, E.J
245 4 _aThe gaze of the coloniser
942 _cL
999 _c1951
_d1951